| 000 | 00749nam a2200241 i 4500 | ||
|---|---|---|---|
| 001 | bg | ||
| 245 | 0 | 0 |
_aPodstawy marketingu : _bpraca zbiorowa / _cpod red. Jerzego Altkorna ; aut. J. Altkorn [et al.]. |
| 250 | _aWyd. 4 zm. i poszerz. | ||
| 260 |
_aKraków : _bInstytut Marketingu, _c2003. |
||
| 300 |
_a437 s. : _brys., wykr. ; _c24 cm. |
||
| 504 | _aBibliogr. | ||
| 650 | 9 | _aMarketing | |
| 655 | _aPodręczniki akademickie | ||
| 700 | 1 |
_aAltkorn, Jerzy _d(1931-2004). _eRed. |
|
| 020 | _a839006989X | ||
| 040 | _cBPK | ||
| 041 | 0 | _apl | |
| 080 | _a339.138(075.8) | ||
| 920 | _a83-900698-9-X | ||
| 942 | _cKS | ||
| 008 | s pl f |000 0 pol | ||
| 999 |
_c43565 _d43565 |
||
| 856 |
_uhttp://koha.tu.koszalin.pl/cgi-bin/koha/opac-detail.pl?biblionumber=43565 _yKatalog online BPK |
||